000 00900nam a2200217Ia 4500
001 7319
003 GE_BSU
008 181216s||||||||xx |||||||||||||| ||und||
040 _cGE_BSU
080 _a94(479.223-25)+908(479.223-25)
100 _aდაკიშევიჩი ნ. მ.
245 _aბათუმი.
245 _cწიგნი თარგმნა, წინასიტყვაობა, შენიშვნები და საძიებლები დაურთო რამაზ სურმანიძემ; რედ.: ოთარ გოგოლიშვილი.
250 _aსერია "აჭარა უცხოელთა თვალით".
260 _aთბილისი.
260 _bინოვაცია.
260 _c2011.
300 _a72 გვ.; ილ.; 20 სმ.
653 _aბათუმი.
942 _cBK
999 _c40684
_d40684